000 00917nas a2200301 4500
001 BR2012003918
003 BR-BrBNA
005 20231205120641.0
007 ta
008 230509b bl.|||p| |||| 00| 00por d
040 _aBR-BrBNA
_bpor
_cBiblioteca Nacional de Agricultura
041 _a(Pt)
072 _aF30
100 1 _aCosta, R.B. da
100 1 _aResende, M.D.V. de
100 1 _aContini, A.Z.
100 1 _aRoa, R.A.R.
100 1 _aMartins, W.J.
245 1 _aAvaliação genética de progênies de Leucaena leucocephala [(Lam.)De Wit]em área da reserva indígena, em Caarapó, MS
650 _aPARÂMETRO GENÉTICO
650 _aFLORESTA
650 _aMELHORAMENTO
650 _aPROGÊNIE
650 _aLEUCAENA
773 0 _tFloresta e Ambiente (Brazil)
_xISSN 1415-0980
_g(2005), v. 12(1) p. 15-21
_wBR2012003918
909 _a202311
_bLúcia
_c55
_dLúcia Elande
942 _2AGRIS
_n0
_cANA
999 _c219564
_d219564